Detalles MARC
| 000 -LIDER |
| fixed length control field |
01633nam a2200361 a 4500 |
| 001 - NÚMERO DE CONTROL |
| Identificador de número de control |
|
| 003 - IDENTIFICACDOR DE NÚMERO DE CONTROL |
| control field |
DO-SdBNP |
| 005 - DATE AND TIME OF LATEST TRANSACTION |
| control field |
20220505135819.0 |
| 007 - CAMPOS FIJOS DE DESCRIPCIÓN FÍSICA |
| fixed length control field |
000045356 |
| 008 - ELEMENTOS DE LONGITUD FIJA |
| fixed length control field |
150305s2014 dr ac 001 0 spa d |
| 020 ## - ISBN |
| International Standard Book Number |
9789945081558 |
| 040 ## - FUENTE DE CATALOGACIÓN |
| Agencia que crea de manera original el registro |
BPMSU |
| Idioma de catalogación |
spa |
| Agencia que realiza la transcripción |
BPMSU |
| 082 ## - NÚMERO DE CLASIFICACIÓN DECIMAL DE DEWEY |
| Classification number |
263.042 |
| Item number |
A958c 2014 |
| Edition number |
22 |
| 100 1# - ASIENTO PRINCIPAL -- NOMBRE PERSONAL |
| Nombre personal |
Ávila Suero, Víctor |
| 245 10 - MENCIÓN DE TITULO |
| Título |
Comisarios, toros y peregrinos hacia los Santuarios del Este. / |
| Mención de responsabilidad |
Víctor Ávila Suero; presentación Bolívar Troncoso Morales. |
| 260 ## - PUBLICACIÓN, DISTRIBUCIÓN, ETC. (PIE DE IMPRENTA) |
| Lugar de publicación, distribución, etc |
Santo Domingo : |
| Nombre del editor, distribuidor, etc. |
Instituto Panamericano de geografía e Historia, |
| Fecha de publicación, distribución, etc |
2014. |
| 300 ## - DESCRIPCIÓN FÍSICA |
| Extensión |
362 p. : |
| Otros detalles físicos |
il., retrs. ; |
| Dimensiones |
25 cm. |
| 500 ## - NOTA GENERAL |
| Nota general |
Incluye referencias bibliográficas y notas al pie de páginas |
| 500 ## - NOTA GENERAL |
| Nota general |
Incluye índice onomástico |
| 500 ## - NOTA GENERAL |
| Nota general |
|
| 500 ## - NOTA GENERAL |
| Nota general |
|
| 504 ## - NOTA DE BIBLIOGRAFÍA, ETC. |
| Bibliography, etc |
Bibliografía p: 341-342 |
| 505 0# - NOTA DE CONTENIDO |
| Texto normalizado de contenido |
Hermandad de los toreros del Santo Cristo de los Milagros de Bayaguana 19 -- Hermandad de los toreros de la virgen de la Altagracia 79 -- Imágenes de la hermandad de los toreros de la Virgen de la Altagracia 233 -- Entrevistas a comisarios mayores y a sacerdotes 249 -- Fotografías de comisarios mayores y de sacerdotes 333 |
| 590 ## - NOTA LOCAL |
| Enlace |
Inventariado, 2022/VM |
| 650 #4 - ENCABEZAMIENTO DE MATERIA--TEMÁTICO |
| Término temático o nombre geográfico como elemento de entrada |
Santuarios |
| Subdivisión geográfica |
Bayaguana (República Dominicana) |
| 650 #4 - ENCABEZAMIENTO DE MATERIA--TEMÁTICO |
| Término temático o nombre geográfico como elemento de entrada |
Peregrinaciones |
| Subdivisión temática general |
Historia |
| Subdivisión geográfica |
Higüey (República Dominicana) |
| 650 #4 - ENCABEZAMIENTO DE MATERIA--TEMÁTICO |
| Término temático o nombre geográfico como elemento de entrada |
Cofradías |
| Subdivisión geográfica |
Bayaguana (República Dominicana) |
| 650 #4 - ENCABEZAMIENTO DE MATERIA--TEMÁTICO |
| Término temático o nombre geográfico como elemento de entrada |
Asociaciones religiosas |
| Subdivisión geográfica |
República Dominicana |
| 700 1# - ASIENTO SECUNDARIO -- NOMBRE PERSONAL |
| Nombre personal |
Troncoso Morales, Bolívar |
| Mención de responsabilidad |
presentación |
| 710 2# - ASIENTO SECUNDARIO -- NOMBRE CORPORATIVO |
| Nombre corporativo o de jurisdicción |
Instituto Panamericano de Geografía e Historia |
| 910 ## - VALIDACIÓN |
| Validación |
VMateo V. |
| 942 ## - ADDED ENTRY ELEMENTS (KOHA) |
| Source of classification or shelving scheme |
Dewey Decimal Classification |
| Koha item type |
Libros |